| 000 | 01168cam a2200313 a 4500 | ||
|---|---|---|---|
| 001 | 200468291 | ||
| 003 | TR-AnTOB | ||
| 005 | 20260424112804.0 | ||
| 007 | ta | ||
| 008 | 970414t19651958nyu b 000 1 eng | ||
| 040 |
_aDLC _beng _erda _cDLC _dOCL _dXY4 _dBGZ _dTR-AnTOB |
||
| 041 | 0 | _aeng | |
| 050 | 1 | 4 |
_aPS1317 _b.A1 1964 |
| 090 |
_aPS1317 _b .A1 1964 |
||
| 100 | 1 |
_aTwain, Mark, _d1835-1910 _9116971 _eauthor |
|
| 245 | 1 | 4 |
_aThe tragedy of Pudd'nhead Wilson / _cMark Twain ; with a foreword by Wright Morris. |
| 246 | 1 | 0 | _aPudd'nhead Wilson. |
| 264 |
_aLondon : _bA Signet Classic, _c1964. |
||
| 264 | 4 | _c©1964 | |
| 300 |
_axix,, 175 pages ; _c20 cm |
||
| 336 |
_atext _btxt _2rdacontent |
||
| 337 |
_aunmediated _bn _2rdamedia |
||
| 338 |
_avolume _bnc _2rdacarrier |
||
| 520 | _aWhen chance brings Edward Tudor and Tom Canty together, they decide for fun to switch clothes and places. Exchanging their roles as heir to the throne of England and as a pauper's son, they learn how the other half really lives. | ||
| 651 | 0 |
_aLondon (England) _vFiction. _95101 |
|
| 700 | 1 |
_aMorris, Wright, _d1910-1998 _9153908 |
|
| 942 |
_2lcc _cBK |
||
| 999 |
_c200468291 _d86503 |
||